000 00397nam a2200169Ia 4500
001 2771
003 IN-NITTTR
005 20251114232936.0
008 251113s9999||||xx |||||||||||||| ||eng||
040 _beng
040 _cIN-NITTTR
041 _aeng
082 _a624.151 H236F
100 _aHarr, M. E.
245 0 _aFoundations of theoretical soil mechanics. /
_cHarr, M. E.
942 _2ddc
_cBK
999 _c4398
_d4398